| 000 | 01250nam a2200301 i 4500 | ||
|---|---|---|---|
| 003 | EG-ScBUE | ||
| 005 | 20240121104246.0 | ||
| 008 | 100706s2005 u o f 000 0 ara d | ||
| 017 | _a2005 / 15503 | ||
| 020 | _a9775429471 | ||
| 040 |
_aEG-ScBUE _bara _erda _cEG-ScBUE _dEG-ScBUE |
||
| 043 | _af-ua--- | ||
| 082 | 0 | 4 |
_222 _a962.048 _bإ س ك |
| 100 | 1 |
_915964 _aإسكندر، عبد الملك، _eمؤلف. |
|
| 245 | 1 | 0 |
_aمصر التي أعرفها .. هي مصر التي عشتها وعشقتها .. هي مصر المحروسة / _cعبد الملك إسكندر. |
| 246 | 1 | 4 |
_aمصر التي أعرفها : _bسجل الاستقلال المصري (1910- 1952 ) |
| 250 | _aالطبعة الأولى. | ||
| 264 | 1 |
_aالقاهرة : _bالحضارة للنشر، _c2005. |
|
| 300 |
_a195 صفحة : _bصور ؛ _c24 سم |
||
| 336 |
_2rdacontent _aنص _btxt |
||
| 337 |
_aبدون وسيط _2rdamedia _bn |
||
| 338 |
_aمجلد _bnc _2rdacarrier |
||
| 541 |
_aالف باء ؛ _cشراء ؛ |
||
| 650 | 7 |
_916192 _aمصر _xتاريخ _yالعصر الحديث _yثورة 1919 م. _2BUEsh |
|
| 655 | _vReading book | ||
| 740 | _aمصر التي أعرفها سجل الاستقلال المصري (1910- 1952 ) / | ||
| 942 |
_2ddc _cBB |
||
| 999 |
_c14402 _d14402 |
||